<?xml version="1.0" encoding="UTF-8"?>
<collection xmlns="http://www.loc.gov/MARC21/slim">
    <record>
        <controlfield tag="001">84666</controlfield>
        <controlfield tag="005">20191113144424.0</controlfield>
        <datafield tag="037" ind1=" " ind2=" ">
            <subfield code="a">TESIS-2019-167</subfield>
        </datafield>
        <datafield tag="041" ind1=" " ind2=" ">
            <subfield code="a">spa</subfield>
        </datafield>
        <datafield tag="080" ind1=" " ind2=" ">
            <subfield code="a">373.3; 51</subfield>
        </datafield>
        <datafield tag="100" ind1="1" ind2=" ">
            <subfield code="a">Escolano Vizcarra, Rafael</subfield>
        </datafield>
        <datafield tag="245" ind1="0" ind2="0">
            <subfield code="a">Enseñanza del número racional positivo en Educación Primaria: un estudio desde modelos de medida y cociente</subfield>
        </datafield>
        <datafield tag="260" ind1=" " ind2=" ">
            <subfield code="a">Zaragoza</subfield>
            <subfield code="b">Universidad de Zaragoza, Prensas de la Universidad</subfield>
            <subfield code="c">2007</subfield>
        </datafield>
        <datafield tag="300" ind1=" " ind2=" ">
            <subfield code="a">976</subfield>
        </datafield>
        <datafield tag="490" ind1="0" ind2=" ">
            <subfield code="a">Tesis de la Universidad de Zaragoza</subfield>
            <subfield code="v">2019-146</subfield>
            <subfield code="x">2254-7606</subfield>
        </datafield>
        <datafield tag="500" ind1=" " ind2=" ">
            <subfield code="a">Presentado:  26 06 2007</subfield>
        </datafield>
        <datafield tag="502" ind1=" " ind2=" ">
            <subfield code="a">Tesis-Univ. Zaragoza, Matemáticas, 2007</subfield>
            <subfield code="b">Zaragoza, Universidad de Zaragoza</subfield>
            <subfield code="c">2007</subfield>
        </datafield>
        <datafield tag="506" ind1=" " ind2=" ">
            <subfield code="a">by-nc-sa</subfield>
            <subfield code="b">Creative Commons</subfield>
            <subfield code="c">3.0</subfield>
            <subfield code="u">http://creativecommons.org/licenses/by-nc-sa/3.0/es</subfield>
        </datafield>
        <datafield tag="520" ind1=" " ind2=" ">
            <subfield code="a">La investigación tiene como objetivo mejorar la enseñanza del número racional positivo en Educación Primaria. Para ello se diseña,&lt;br />se implementa y se evalúa una propuesta didáctica inédita y original con alumnos de 4° y 5° curso de Educación Primaria (9-11&lt;br />años).&lt;br />La propuesta didáctica elude el significado de relación parte-todo y, en su lugar, utiliza los significados de medida y de cociente&lt;br />partitivo para introducir la fracción, y el número decimal, y para conectar significativamente ambos sistemas de representación.&lt;br />Para fundamentar la propuesta didáctica se utilizan elementos del Análisis Didáctico que es la metodología de investigación del&lt;br />grupo de Pensamiento Numérico y Algebraico. En concreto se realiza un análisis fenomenológico para identificar los significados&lt;br />del número racional positivo: medida, cociente partitivo, razón, operador y cociente indicado. Esta caracterización de los&lt;br />significados se complementa con un estudio histórico de manuales escolares publicados en el último siglo y medio para identificar&lt;br />que usos ha realizado y realiza el Sistema Educativo Español de estos significados en la enseñanza del número racional. Del estudio&lt;br />teórico se detecta, en la primera mitad del siglo XX, un nuevo significado denominado relación parte-todo que surge asociado a las&lt;br />prácticas de enseñanza con el propósito de eludir los procesos de medida en el aula. Este significado, que no pertenece a la&lt;br />fenomenología histórica del número racional, permite introducir de forma inmediata la representación simbólica de la fracción pero,&lt;br />a su vez, provoca graves limitaciones de comprensión.&lt;br />El marco experimental de esta investigación sigue la metodología de Investigación-Acción. Se llevaron a cabo dos fases de&lt;br />implementación de aula: la primera en los cursos 1999/2000 y 2000/2001, y la segunda en los cursos en los 2003/2004 y 2004/2005.&lt;br />De los resultados de la investigación se concluye que la propuesta didáctica evaluada es viable, constituye una alternativa a las&lt;br />propuestas tradicionales, y además mejora la comprensión de los alumnos porque permite superar limitaciones provocadas por el&lt;br />significado de relación parte-todo.&lt;br /></subfield>
        </datafield>
        <datafield tag="520" ind1=" " ind2=" ">
            <subfield code="a">&lt;br /></subfield>
        </datafield>
        <datafield tag="653" ind1="1" ind2=" ">
            <subfield code="a">matemáticas</subfield>
        </datafield>
        <datafield tag="653" ind1="1" ind2=" ">
            <subfield code="a">enseñanza</subfield>
        </datafield>
        <datafield tag="700" ind1=" " ind2=" ">
            <subfield code="a">Gairín Sallan, José María</subfield>
            <subfield code="e">dir.</subfield>
        </datafield>
        <datafield tag="710" ind1="2" ind2=" ">
            <subfield code="a">Universidad de Zaragoza</subfield>
            <subfield code="b">Matemáticas</subfield>
        </datafield>
        <datafield tag="856" ind1="0" ind2=" ">
            <subfield code="f">tdr@unizar.es</subfield>
        </datafield>
        <datafield tag="856" ind1="4" ind2=" ">
            <subfield code="s">9866327</subfield>
            <subfield code="u">http://zaguan.unizar.es/record/84666/files/TESIS-2019-167.pdf</subfield>
        </datafield>
        <datafield tag="856" ind1="4" ind2=" ">
            <subfield code="s">15063084</subfield>
            <subfield code="u">http://zaguan.unizar.es/record/84666/files/Vol_II_Anexos.pdf</subfield>
        </datafield>
        <datafield tag="909" ind1="C" ind2="O">
            <subfield code="o">oai:zaguan.unizar.es:84666</subfield>
            <subfield code="p">driver</subfield>
        </datafield>
        <datafield tag="909" ind1="c" ind2="o">
            <subfield code="p">tesis</subfield>
        </datafield>
        <datafield tag="910" ind1="2" ind2=" ">
            <subfield code="b">Matemáticas</subfield>
        </datafield>
        <datafield tag="980" ind1=" " ind2=" ">
            <subfield code="a">TESIS</subfield>
        </datafield>
    </record>

    
</collection>